01013nam a22002897a 45000010005000000030006000050050017000110080041000280200018000690400029000870500017001160820008001331000029001412450062001702600044002323000037002764900051003135050007003645200099003715210027004705210018004976500016005156500021005319420015005529990015005679520141005829276FISKH20251209083306.0251209b cb ||||| |||| 00| 0 eng d a9780736828710 aFISKHbengcFISKHdFISKH aSB357 .S5418 a630 aShepard, Daniel eAuthor aAll kinds of farms :bSocial studies /cby Daniel Shepard aMinnesota :bRed Brick Learning ,c2004 a16 pages :bPhotographs ;c20 cm aYellow Umbrella Books :vSoc Studies - Level A aE  aSimple text and photographs introduce crops that grow in a variety of locations and climates. 8 a250 bLexile estimate 8 aE bRaz-Plus  aFarmvCrops aHarvestvWeather 2ddccBKn0 c9276d9276 00102ddc40708NFICa002b002cTTP Dark Greend2025-12-09l0oSHE 630 SB357 .S5418pFISTK02201r2025-12-09 08:33:03t1w2025-12-09yBK